| 000 | 00649nam a22001937a 4500 | ||
|---|---|---|---|
| 005 | 20251108172354.0 | ||
| 008 | 250721s1982 xx 000 0 ara d | ||
| 082 | 1 | 4 | _a301.329612/ياس |
| 100 | 1 | _aالكبير، ياسين علي | |
| 245 | 1 | 0 |
_aالمهاجرون في طرابلس الغرب : _bدراسة حالة التماثل / |
| 264 | 1 |
_aبيروت : _bمعهد الإنماء العربي، _c1982. |
|
| 300 | _a213ص | ||
| 490 | 0 | _aالدراسات الإنسانية : علم الإجتماع | |
| 650 | 1 | 7 | _aليبيا |
| 650 | 1 | 7 | _aالسكان |
| 650 | 1 | 7 | _aالمجتمع الحضري |
| 942 |
_2ddc _cBK |
||
| 999 |
_c77523 _d77523 |
||